000 00811nam a2200253 4500
003 OSt
005 20260530115303.0
008 260507b1981 mx ||||| |||| 00| 0 spa d
040 _aICI
_bSPA
_cICI
050 _aNX620
_bC65
245 1 0 _aComo acercarse a las artes, las ciencias, las humanidades /
_cComp. y ed. María Luisa oteyza
264 1 _a México :
_bFinanciera nacional azucarera,
_c1981
300 _a372 páginas
336 _atexto
_2rdacontent
337 _asin medio
_2rdamedia
338 _avolumen
_2rdacarrier
650 _aArtes
_931522
650 _a Ciencia
_914431
650 _aHumanidad
_931523
700 _aOteyza, Maria Luisa,
_ecompilador
_931524
700 _aGarcía Jaqueline
_eCubierta
_931525
710 _aMexico.
_bFinanciera Nacional Azucarera
_931526
942 _2lcc
_cBK
_n1
999 _c12953
_d12953